000 00352nam a2200169Ia 4500
100 _aLesikar/ Peltit.
650 _aGeneral
250 _a10
942 _cRB
654 _abusiness
245 _aReport Writing for Business
260 _bMc Graw Hill
_c1998
082 _a808.066
_bLES/PET
300 _a439
546 _aENGLISH
999 _c27308
_d27308